Exploring corporate strategy : (Record no. 14650)
[ view plain ]
| 000 -LEADER | |
|---|---|
| fixed length control field | 00848nam a2200265 a 4500 |
| 001 - CONTROL NUMBER | |
| control field | 1210599 |
| 003 - CONTROL NUMBER IDENTIFIER | |
| control field | PILC |
| 005 - DATE AND TIME OF LATEST TRANSACTION | |
| control field | 20150112093438.0 |
| 008 - FIXED-LENGTH DATA ELEMENTS--GENERAL INFORMATION | |
| fixed length control field | 930112s1993 enka b 001 0 eng d |
| 015 ## - NATIONAL BIBLIOGRAPHY NUMBER | |
| National bibliography number | b93Z6393 |
| 020 ## - INTERNATIONAL STANDARD BOOK NUMBER | |
| International Standard Book Number | 013297441X |
| 040 ## - CATALOGING SOURCE | |
| Original cataloging agency | BNB |
| Language of cataloging | eng |
| Transcribing agency | BNB |
| Modifying agency | ABN-SNR |
| 050 ## - LIBRARY OF CONGRESS CALL NUMBER | |
| Classification number | HD 30.28 |
| Item number | .J648 1993 |
| 082 04 - DEWEY DECIMAL CLASSIFICATION NUMBER | |
| Classification number | MnSF 658.401 |
| Item number | J63 1993 |
| 100 1# - MAIN ENTRY--PERSONAL NAME | |
| Personal name | Johnson, Gerry. |
| 9 (RLIN) | 17044 |
| 245 10 - TITLE STATEMENT | |
| Title | Exploring corporate strategy : |
| Remainder of title | text and cases / |
| Statement of responsibility, etc | Gerry Johnson and Kevan Scoles. |
| 250 ## - EDITION STATEMENT | |
| Edition statement | 3rd ed. |
| 260 ## - PUBLICATION, DISTRIBUTION, ETC. (IMPRINT) | |
| Place of publication, distribution, etc | New York : |
| Name of publisher, distributor, etc | Prentice Hall, |
| Date of publication, distribution, etc | 1993. |
| 300 ## - PHYSICAL DESCRIPTION | |
| Extent | 733 pages : |
| Other physical details | illustration ; |
| Dimensions | 24 cm. |
| 504 ## - BIBLIOGRAPHY, ETC. NOTE | |
| Bibliography, etc | Includes bibliographical references and indexes. |
| 650 #0 - SUBJECT ADDED ENTRY--TOPICAL TERM | |
| Topical term or geographic name as entry element | Business planning |
| General subdivision | Case studies. |
| 9 (RLIN) | 17045 |
| 650 #0 - SUBJECT ADDED ENTRY--TOPICAL TERM | |
| Topical term or geographic name as entry element | Strategic planning |
| General subdivision | Case studies. |
| 9 (RLIN) | 17046 |
| 700 1# - ADDED ENTRY--PERSONAL NAME | |
| Personal name | Scholes, Kevan. |
| 9 (RLIN) | 17047 |
| 942 ## - ADDED ENTRY ELEMENTS (KOHA) | |
| Source of classification or shelving scheme | Library of Congress Classification |
| Koha item type | Books |
| Withdrawn status | Lost status | Source of classification or shelving scheme | Damaged status | Home library | Current library | Shelving location | Date acquired | Total Checkouts | Full call number | Barcode | Date last seen | Copy number | Price effective from | Koha item type |
|---|---|---|---|---|---|---|---|---|---|---|---|---|---|---|
| Library of Congress Classification | Southville International School Affiliated with Foreign Universities Library | Southville International School Affiliated with Foreign Universities Library | Southville Foreign University Section | 09/07/2013 | HD 30.28 .J648 1993 | SFU1078 | 05/15/2018 | 1 | 09/07/2013 | Books |